The cost of doing business: congressional requests, cost, and allocation of presidential resources (Record no. 509552)

000 -LEADER
fixed length control field 01595nam a2200157 4500
008 - FIXED-LENGTH DATA ELEMENTS--GENERAL INFORMATION
fixed length control field 190514b ||||| |||| 00| 0 eng d
100 ## - MAIN ENTRY--PERSONAL NAME
Personal name Rottinghaus, Brandon
245 ## - TITLE STATEMENT
Title The cost of doing business: congressional requests, cost, and allocation of presidential resources
260 ## - PUBLICATION, DISTRIBUTION, ETC. (IMPRINT)
Date of publication, distribution, etc 2018
300 ## - PHYSICAL DESCRIPTION
Extent p.813-825.
520 ## - SUMMARY, ETC.
Summary, etc Executive-legislative interactions operate with cost-benefit trade-offs. Presidents possess several material options in granting Congressional requests to leverage Congressional support but must also marshal these scarce resources. We argue presidents should strategically grant requests from members of Congress for a range of executive actions based upon the cost of the request and the political context. Using an original data set of nearly 4,000 internal Congressional requests made during the Eisenhower, Ford, and H. W. Bush administrations, we find that presidents are strategic in granting requests, where the cost of the request is an important consideration when deciding whether or not to approve a legislator request, especially on executive appointments but not on legislative matters. Ideological proximity to the president matters more than partisanship in granting requests. Presidents are sensitive to cost when ideology is concerned but less so when granting requests to committee chairs. We conclude by highlighting the implications for interbranch bargaining. - Reproduced.
700 ## - ADDED ENTRY--PERSONAL NAME
Personal name Waggoner, Philip D.
9 (RLIN) 5533
773 ## - HOST ITEM ENTRY
Main entry heading Political Research Quarterly
906 ## - LOCAL DATA ELEMENT F, LDF (RLIN)
Subject DIP Politics and government - United States
942 ## - ADDED ENTRY ELEMENTS (KOHA)
Source of classification or shelving scheme
Item type Articles
Holdings
Withdrawn status Lost status Source of classification or shelving scheme Damaged status Not for loan Permanent location Current location Date acquired Serial Enumeration / chronology Barcode Date last seen Koha item type
          Indian Institute of Public Administration Indian Institute of Public Administration 2019-05-14 71(4), Dec, 2018: p.813-825. AR119709 2019-05-14 Articles

Powered by Koha